00737nam a22002057a 450000500170000001000150001702000260003203500140005803700090007208200090008110000340009024500860012425000060021026000480021627000820026430000200034694200230036699900190038995201230040820240823152622.0 aENG-141438 a9788196332921c495.00 aEN-124970 bDBAD aN21 aVerma, Raj Gopal Singh970536 aBegum Samru:bA Reign of Romance, Royalty and Restrain/cBy Raj Gopal Singh Verma a1 aNew DelhibVitasta Publishing Pvt Ltdc2024 a2/15, Ansari Road, Daryaganj,bNew Delhi e110002minfo@vitastapublishing.com a328p.c21cm(pb) 2ddccENmVERhNe1 c205269d205269 001040708FICaVPbVPd2024-08-23eDBADg495.00l0oVER NpEN-124970r2024-08-23 00:00:00t1v495.00w2024-08-23yEN